| 000 | 00477cam a2200181ua 4500 | ||
|---|---|---|---|
| 020 | _c40.00 | ||
| 041 |
_aeng _h |
||
| 082 |
_a629.253 _bCRO/AU |
||
| 100 | _aCrouse, William H . | ||
| 245 |
_aAutomotive fuel lubricating and cooling systems / _cWilliam H Crouse. _hTextual Documents |
||
| 250 |
_a2 / _b. |
||
| 260 |
_aNew York : _bMcGraw Hill Book Company , _c1955. |
||
| 300 | _a421 ; . | ||
| 365 | _a40.00 | ||
| 504 | _a | ||
| 942 | _cBK | ||
| 999 |
_c11089 _d11089 |
||